Statistics for Old City of Jerusalem on a Map

Click here to take the quiz!

General Stats

  • This quiz has been taken 611 times
  • The average score is 9 of 25

Answers on the Map

Answers color-coded by a green-red scale on the quiz's map according to % correct below.
 

Answer Stats

Answer% Correct
Dome of the Rock
71%
Jewish
70%
Christian
68%
Muslim
66%
Armenian
62%
Wailing Wall
60%
{Al-Aqsa} Mosque
54%
Church of the Holy Sepulchre
54%
Temple Mount
38%
Lions'
37%
Tower of {David}
37%
Damascus
35%
Jaffa
30%
Via Dolorosa
25%
Herod's
24%
Golden
23%
Zion
22%
Dung
20%
New
19%
{Hurva} Synagogue
16%
Cathedral of {St James}
14%
{St Anne}'s Church
13%
Church of the {Flagellation}
11%
Church of the {Condemnation}
10%
{St Saviour}'s Monastery
10%

Score Distribution

Percentile by Number Answered

Percent of People with Each Score

Your Score History

You have not taken this quiz